Introducción al derecho romano
Uloženo v:
| Hlavní autor: | |
|---|---|
| Médium: | Kniha |
| Jazyk: | španělština |
| Vydáno: |
Buenos Aires
Cooperadora de Derecho y Ciencias Sociales
1972
|
| Témata: | |
| Tagy: |
Přidat tag
Žádné tagy, Buďte první, kdo vytvoří štítek k tomuto záznamu!
|
MARC
| LEADER | 00000nam a2200000 a 4500 | ||
|---|---|---|---|
| 001 | UCT6075 | ||
| 003 | CL-VaPUC | ||
| 008 | 961230e19720000AG |||||||||||||||||spa|d | ||
| 082 | 0 | 4 | |a 340.54 |b LAP |2 21 |
| 100 | |a Lapieza Elli, Ángel Enrique |e author |9 375831 | ||
| 245 | 1 | 0 | |a Introducción al derecho romano |
| 300 | |a 268 p | ||
| 942 | |c BK | ||
| 945 | |d 19961230 00:00:00 |a rleighto | ||
| 260 | |a Buenos Aires |b Cooperadora de Derecho y Ciencias Sociales |c 1972 | ||
| 650 | 0 | |a Derecho romano |9 255930 | |
| 650 | 0 | |a Jurisprudencia |9 255952 | |
| 650 | 0 | |a Ciudadanía |9 258339 | |
| 650 | 7 | |a DERECHO CANONICO |2 CL-VaPUC |9 375824 | |
| 583 | |a last modification |c 20170612 11:09:38 |k Rodrigo Vera | ||
| 999 | |c 254807 |d 254805 | ||
| 952 | |0 0 |1 0 |4 0 |6 340_540000000000000_LAP_1972 |7 0 |8 DER_ROM |9 276694 |a BIBDER |b BIBDER |d 2019-11-19 |i 3265773 |o 340.54 LAP 1972 |p 3265773 |r 2023-01-25 |w 2019-11-19 |x Ubicación 4to piso |y BK |z Este recurso debe solicitarse con anticipación |k DER | ||